ਪੰਜਾਬੀ ਨਾਟਕ : (Record no. 110363)

MARC details
000 -LEADER
fixed length control field 01211nam a22002777a 4500
005 - DATE AND TIME OF LATEST TRANSACTION
control field 20170123164151.0
010 ## - LIBRARY OF CONGRESS CONTROL NUMBER
LC control number B-125155
020 ## - INTERNATIONAL STANDARD BOOK NUMBER
Terms of availability 140.00
International Standard Book Number 8180600378
035 ## - SYSTEM CONTROL NUMBER
System control number B-125155
037 ## - SOURCE OF ACQUISITION
Source of stock number/acquisition Cen Lib/Ret
040 ## - CATALOGING SOURCE
Original cataloging agency DPL
Language of cataloging PN
082 ## - DEWEY DECIMAL CLASSIFICATION NUMBER
Classification number 852.08
Item number ਵਰਮਾ
100 ## - MAIN ENTRY--PERSONAL NAME
Personal name ਵਰਮਾ, ਸਤੀਸ਼ ਕੁਮਾਰ
9 (RLIN) 279
245 ## - TITLE STATEMENT
Title ਪੰਜਾਬੀ ਨਾਟਕ :
Statement of responsibility, etc ਸਤੀਸ਼ ਕੁਮਾਰ ਵਰਮਾ
Remainder of title ਪ੍ਰਗਤੀ ਤੇ ਪਸਾਰ /
246 ## - VARYING FORM OF TITLE
Title proper/short title Punjabi natak : Pragati te pasar /
Remainder of title by Satish Kumar Verma
260 ## - PUBLICATION, DISTRIBUTION, ETC. (IMPRINT)
Place of publication, distribution, etc ਦਿੱਲੀ
Name of publisher, distributor, etc ਕਿ਼੍ਤੀ ਪ੍ਰਕਾਸ਼ਨ
Date of publication, distribution, etc 2003
270 ## - ADDRESS
Address 4/32, ਸੁਭਾਸ਼ ਗਾਲੀ ਵਿਸ਼ਵਾਸ ਨਗਰ
City ਦਿੱਲੀ
Postal code 110032
300 ## - PHYSICAL DESCRIPTION
Extent 128p ;
Dimensions 20cm
650 ## - SUBJECT ADDED ENTRY--TOPICAL TERM
Topical term or geographic name as entry element ਪੰਜਾਬੀ -ਨਾਟਕ
9 (RLIN) 126322
650 ## - SUBJECT ADDED ENTRY--TOPICAL TERM
Topical term or geographic name as entry element ਪੰਜਾਬੀ ਸਾਹਿਤ
9 (RLIN) 126323
650 ## - SUBJECT ADDED ENTRY--TOPICAL TERM
Topical term or geographic name as entry element Punjabi - literature
9 (RLIN) 781
650 ## - SUBJECT ADDED ENTRY--TOPICAL TERM
Topical term or geographic name as entry element Punjabi -- Play
9 (RLIN) 7361
650 ## - SUBJECT ADDED ENTRY--TOPICAL TERM
Topical term or geographic name as entry element Panjabi drama -- History and criticism.
9 (RLIN) 126324
650 ## - SUBJECT ADDED ENTRY--TOPICAL TERM
Topical term or geographic name as entry element ਪੰਜਾਬੀ ਡ੍ਰਾਮਾ - ਇਤਿਹਾਸ ਔਰ ਆਲੋਚਨਾ
9 (RLIN) 80146
942 ## - ADDED ENTRY ELEMENTS (KOHA)
Source of classification or shelving scheme Dewey Decimal Classification
Koha item type Punjabi Bks
Classification part 852.08
Call number suffix ਵਰਮਾ
Holdings
Withdrawn status Lost status Damaged status Not for loan Home library Current library Date acquired Source of acquisition Cost, normal purchase price Total Checkouts Full call number Barcode Date last seen Copy number Cost, replacement price Price effective from Koha item type
        Central Library Central Library 20/01/2016 Cen Lib/Ret 140.00   852.08 ਵਰਮਾ B-125155 20/01/2016 1 140.00 20/01/2016 Punjabi Bks

© Delhi Public Library
Hit Counter
free hit counter